<?xml version="1.0" encoding="UTF-8"?>
<record
    xmlns:xsi="http://www.w3.org/2001/XMLSchema-instance"
    xsi:schemaLocation="http://www.loc.gov/MARC21/slim http://www.loc.gov/standards/marcxml/schema/MARC21slim.xsd"
    xmlns="http://www.loc.gov/MARC21/slim">

  <leader>01973aam a2200469 a 4500</leader>
  <controlfield tag="003">AR-BeUNQ</controlfield>
  <controlfield tag="005">20240928122958.0</controlfield>
  <controlfield tag="007">ta</controlfield>
  <controlfield tag="008">240927s2018    ag     cr     001 j spa  </controlfield>
  <datafield tag="015" ind1=" " ind2=" ">
    <subfield code="a">AR-2018</subfield>
  </datafield>
  <datafield tag="020" ind1=" " ind2=" ">
    <subfield code="a">9789500122085</subfield>
  </datafield>
  <datafield tag="040" ind1=" " ind2=" ">
    <subfield code="a">AR-BaBN</subfield>
    <subfield code="b">spa</subfield>
    <subfield code="c">AR-BaBN</subfield>
    <subfield code="e">aacr</subfield>
    <subfield code="d">AR-BeUNQ</subfield>
  </datafield>
  <datafield tag="041" ind1="1" ind2=" ">
    <subfield code="a">spa</subfield>
    <subfield code="h">eng</subfield>
    <subfield code="h">spa</subfield>
  </datafield>
  <datafield tag="044" ind1=" " ind2=" ">
    <subfield code="a">ag</subfield>
    <subfield code="c">ar-b</subfield>
  </datafield>
  <datafield tag="082" ind1="0" ind2="4">
    <subfield code="a">863</subfield>
    <subfield code="2">21</subfield>
  </datafield>
  <datafield tag="245" ind1="0" ind2="0">
    <subfield code="a">Cuentos de ciencia ficci&#xF3;n :</subfield>
    <subfield code="b">antolog&#xED;a.</subfield>
  </datafield>
  <datafield tag="250" ind1=" " ind2=" ">
    <subfield code="a">1a ed.</subfield>
  </datafield>
  <datafield tag="260" ind1=" " ind2=" ">
    <subfield code="a">San Isidro :</subfield>
    <subfield code="b">Estrada,</subfield>
    <subfield code="c">2018.</subfield>
  </datafield>
  <datafield tag="300" ind1=" " ind2=" ">
    <subfield code="a">140 p. ;</subfield>
    <subfield code="c">19 cm.</subfield>
  </datafield>
  <datafield tag="490" ind1="1" ind2=" ">
    <subfield code="a">Colecci&#xF3;n Azulejos. Serie Roja</subfield>
    <subfield code="v">36</subfield>
  </datafield>
  <datafield tag="500" ind1=" " ind2=" ">
    <subfield code="a">Compilaci&#xF3;n, introducci&#xF3;n y actividades: Adriana Fern&#xE1;ndez ; ilustrado por Emiliano Villalba.</subfield>
  </datafield>
  <datafield tag="500" ind1=" " ind2=" ">
    <subfield code="a">Incluye actividades: p. [133]-139.</subfield>
  </datafield>
  <datafield tag="505" ind1="2" ind2="0">
    <subfield code="t">Los cazadores c&#xF3;smicos /</subfield>
    <subfield code="r">Philip Dick --</subfield>
    <subfield code="t">El peat&#xF3;n /</subfield>
    <subfield code="r">Ray Bradbury --</subfield>
    <subfield code="t">La &#xFA;ltima pregunta /</subfield>
    <subfield code="r">Isaac Asimov --</subfield>
    <subfield code="t">Plebster y Orsi, del planeta Procyon /</subfield>
    <subfield code="r">Roberto Fontanarrosa --</subfield>
    <subfield code="t">Los metales mudos /</subfield>
    <subfield code="r">Esteban Valentino --</subfield>
    <subfield code="t">El Se&#xF1;or Caos /</subfield>
    <subfield code="r">Ang&#xE9;lica Gorodischer --</subfield>
    <subfield code="t">Una muerte /</subfield>
    <subfield code="r">H&#xE9;ctor Germ&#xE1;n Oesterheld.</subfield>
  </datafield>
  <datafield tag="521" ind1="1" ind2=" ">
    <subfield code="a">Edad sugerida desde los 11 a&#xF1;os.</subfield>
  </datafield>
  <datafield tag="650" ind1=" " ind2="7">
    <subfield code="a">Literatura (Arte)</subfield>
    <subfield code="2">spines</subfield>
  </datafield>
  <datafield tag="650" ind1=" " ind2="7">
    <subfield code="a">Literatura infantil</subfield>
    <subfield code="2">ttll</subfield>
  </datafield>
  <datafield tag="655" ind1=" " ind2="7">
    <subfield code="a">Cuentos de ciencia ficci&#xF3;n</subfield>
    <subfield code="2">ttll</subfield>
  </datafield>
  <datafield tag="655" ind1=" " ind2="4">
    <subfield code="a">Antolog&#xED;a de cuentos</subfield>
    <subfield code="2">ttll</subfield>
  </datafield>
  <datafield tag="700" ind1="1" ind2=" ">
    <subfield code="a">Fern&#xE1;ndez, Adriana,</subfield>
    <subfield code="d">1970-</subfield>
    <subfield code="e">comp.</subfield>
    <subfield code="4">com</subfield>
    <subfield code="e">pr&#xF3;l.</subfield>
    <subfield code="4">aui</subfield>
  </datafield>
  <datafield tag="700" ind1="1" ind2=" ">
    <subfield code="a">Villalba, Emiliano,</subfield>
    <subfield code="d">ca. 1987-</subfield>
    <subfield code="e">il.</subfield>
    <subfield code="4">ill</subfield>
  </datafield>
  <datafield tag="700" ind1="1" ind2=" ">
    <subfield code="a">Asimov, Isaac,</subfield>
    <subfield code="d">1920-1992</subfield>
  </datafield>
  <datafield tag="700" ind1="1" ind2=" ">
    <subfield code="a">Bradbury, Ray,</subfield>
    <subfield code="d">1920-2012</subfield>
    <subfield code="e">autor</subfield>
    <subfield code="4">aut</subfield>
  </datafield>
  <datafield tag="700" ind1="1" ind2=" ">
    <subfield code="a">Dick, Philip K.,</subfield>
    <subfield code="d">1928-1982</subfield>
  </datafield>
  <datafield tag="700" ind1="1" ind2=" ">
    <subfield code="a">Fontanarrosa, Roberto,</subfield>
    <subfield code="d">1944-2007</subfield>
  </datafield>
  <datafield tag="700" ind1="1" ind2=" ">
    <subfield code="a">Gorodischer, Ang&#xE9;lica,</subfield>
    <subfield code="d">1928-2022</subfield>
  </datafield>
  <datafield tag="700" ind1="1" ind2=" ">
    <subfield code="a">Oesterheld, H&#xE9;ctor Germ&#xE1;n,</subfield>
    <subfield code="d">n. 1919</subfield>
  </datafield>
  <datafield tag="700" ind1="1" ind2=" ">
    <subfield code="a">Valentino, Esteban,</subfield>
    <subfield code="d">1956-</subfield>
  </datafield>
  <datafield tag="830" ind1=" " ind2="0">
    <subfield code="a">Azulejos (Estrada). Roja</subfield>
    <subfield code="v">36</subfield>
  </datafield>
  <datafield tag="929" ind1=" " ind2=" ">
    <subfield code="a">COMPRA</subfield>
    <subfield code="b">Ciencia y T&#xE9;cnica</subfield>
    <subfield code="c">Compra 2023 Exp. 827-2000/2023</subfield>
    <subfield code="d">6500</subfield>
    <subfield code="e">20240116</subfield>
    <subfield code="f">PAT0081283</subfield>
    <subfield code="h">1</subfield>
    <subfield code="j">62532</subfield>
  </datafield>
  <datafield tag="942" ind1=" " ind2=" ">
    <subfield code="2">ddc</subfield>
    <subfield code="n">0</subfield>
    <subfield code="c">LIB</subfield>
  </datafield>
  <datafield tag="999" ind1=" " ind2=" ">
    <subfield code="c">1047</subfield>
    <subfield code="d">1047</subfield>
  </datafield>
  <datafield tag="952" ind1=" " ind2=" ">
    <subfield code="0">0</subfield>
    <subfield code="1">0</subfield>
    <subfield code="a">BIBESET</subfield>
    <subfield code="b">BIBESET</subfield>
    <subfield code="c">circulacion</subfield>
    <subfield code="d">2024-09-27</subfield>
    <subfield code="o">863 CUE</subfield>
    <subfield code="p">62532</subfield>
    <subfield code="r">2024-09-27</subfield>
    <subfield code="t">1</subfield>
    <subfield code="y">LIB</subfield>
  </datafield>
</record>
